[Event "Medellin Easter op 11th"]
[Site "Medellin"]
[Date "2023.04.06"]
[Round "3"]
[White "Orrego Sucerquia, Tatiana"]
[Black "Restrepo Cifuentes, Luciana"]
[Result "1-0"]
[WhiteElo "1539"]
[BlackElo "1607"]
[PlyCount "69"]
[EventDate "2023.04.05"]
[EventType "swiss"]
[EventRounds "7"]
[EventCountry "COL"]
[SourceTitle "CBM 213 Extra"]
[Source "ChessBase"]
[SourceDate "2023.05.31"]
[SourceVersion "1"]
[SourceVersionDate "2023.05.31"]
[SourceQuality "1"]

1. d4 d5 2. c4 e6 3. Nf3 Be7 4. Nc3 Nf6 5. Bg5 Nbd7 6. e3 b6 7. Bd3 Bb7 8. 0-0 0-0 9. Rc1 c5 10. cxd5 exd5 11. b3 Rc8 12. Ne2 a6 13. Re1 Re8 14. Ng3 b5 15. Bf5 c4 16. Ne5 Bc6 17. Qf3 Rc7 18. Nxc6 Rxc6 19. h4 h6 20. Bf4 Bb4 21. Re2 Nb6 22. Bb1 Rce6 23. h5 Ne4 24. Nf5 Qf6 25. Qg4 Kf8 26. Be5 Rxe5 27. dxe5 Rxe5 28. Nd4 Nd2 29. Qf4 Qxf4 30. exf4 Rxe2 31. Nxe2 Nxb1 32. Rxb1 Bd2 33. Rd1 c3 34. Kf1 c2 35. Rxd2 1-0

[Event "Medellin Easter op 11th"]
[Site "Medellin"]
[Date "2023.04.06"]
[Round "2"]
[White "Restrepo Cifuentes, Luciana"]
[Black "Builes Palacio, Santiago"]
[Result "0-1"]
[WhiteElo "1607"]
[BlackElo "1896"]
[PlyCount "46"]
[EventDate "2023.04.05"]
[EventType "swiss"]
[EventRounds "7"]
[EventCountry "COL"]
[SourceTitle "CBM 213 Extra"]
[Source "ChessBase"]
[SourceDate "2023.05.31"]
[SourceVersion "1"]
[SourceVersionDate "2023.05.31"]
[SourceQuality "1"]

1. e4 c5 2. Nf3 d6 3. d4 cxd4 4. Nxd4 Nf6 5. Nc3 a6 6. Bg5 e5 7. Nb3 Be6 8. Be2 Be7 9. 0-0 0-0 10. Re1 Nc6 11. f4 exf4 12. Bxf4 Re8 13. Qd2 Rc8 14. Rad1 b5 15. a4 b4 16. Nd5 Nxe4 17. Qe3 Bxd5 18. Rxd5 Nf6 19. Rdd1 Bf8 20. Qf3 Ne5 21. Bxe5 Rxe5 22. Nd4 Qb6 23. Bd3 Qxd4+ 0-1

[Event "Sabaneta op-B 1st"]
[Site "Sabaneta"]
[Date "2022.11.29"]
[Round "7"]
[White "Restrepo, Hugo"]
[Black "Restrepo Cifuentes, Luciana"]
[Result "0-1"]
[WhiteElo "1580"]
[BlackElo "1508"]
[PlyCount "34"]
[EventDate "2022.11.25"]
[EventType "swiss"]
[EventRounds "8"]
[EventCountry "COL"]
[SourceTitle "CBM 211 Extra"]
[Source "ChessBase"]
[SourceDate "2023.01.31"]
[SourceVersion "1"]
[SourceVersionDate "2023.01.31"]
[SourceQuality "1"]

1. e4 e5 2. Nf3 Nc6 3. Bb5 Nge7 4. 0-0 g6 5. Re1 Bg7 6. c3 0-0 7. d4 exd4 8. cxd4 d5 9. e5 a6 10. Bf1 Bg4 11. Be3 Nf5 12. h3 Bxf3 13. gxf3 Qh4 14. f4 g5 15. fxg5 Ncxd4 16. f4 Qg3+ 17. Kh1 Nxe3 0-1

[Event "Sabaneta op-B 1st"]
[Site "Sabaneta"]
[Date "2022.11.28"]
[Round "5"]
[White "Garcia Ramirez, Ramon"]
[Black "Restrepo Cifuentes, Luciana"]
[Result "1-0"]
[WhiteElo "1512"]
[BlackElo "1508"]
[PlyCount "46"]
[EventDate "2022.11.25"]
[EventType "swiss"]
[EventRounds "8"]
[EventCountry "COL"]
[SourceTitle "CBM 211 Extra"]
[Source "ChessBase"]
[SourceDate "2023.01.31"]
[SourceVersion "1"]
[SourceVersionDate "2023.01.31"]
[SourceQuality "1"]

1. d4 d5 2. c4 e6 3. Nc3 Nf6 4. Bf4 Be7 5. e3 0-0 6. Nf3 c5 7. Be2 b6 8. 0-0 Bb7 9. b3 Nbd7 10. Rc1 Rc8 11. Qd2 dxc4 12. bxc4 cxd4 13. exd4 Bxf3 14. Bxf3 Rxc4 15. Nb5 Bb4 16. Qb2 Rxc1 17. Rxc1 a5 18. a3 Be7 19. Bc7 Qe8 20. Nd6 Bxd6 21. Bxd6 Nd5 22. Bxf8 Qxf8 23. Bxd5 exd5 1-0

[Event "Sabaneta op-B 1st"]
[Site "Sabaneta"]
[Date "2022.11.27"]
[Round "4"]
[White "Restrepo Cifuentes, Luciana"]
[Black "Gonzalez Zapata, Julian David"]
[Result "0-1"]
[WhiteElo "1508"]
[BlackElo "1713"]
[PlyCount "66"]
[EventDate "2022.11.25"]
[EventType "swiss"]
[EventRounds "8"]
[EventCountry "COL"]
[SourceTitle "CBM 211 Extra"]
[Source "ChessBase"]
[SourceDate "2023.01.31"]
[SourceVersion "1"]
[SourceVersionDate "2023.01.31"]
[SourceQuality "1"]

1. e4 c6 2. d4 d5 3. exd5 cxd5 4. Bd3 Nc6 5. c3 Qc7 6. Nf3 Bg4 7. h3 Bh5 8. Be2 Nf6 9. Nbd2 e6 10. c4 dxc4 11. Nxc4 Bb4+ 12. Bd2 Bxd2+ 13. Ncxd2 Rd8 14. Rc1 Qa5 15. a3 0-0 16. Rc5 Qc7 17. 0-0 Qe7 18. Qc2 Bg6 19. Qc3 Nd5 20. Qc1 Nf4 21. Re1 Bd3 22. Bf1 Bxf1 23. Nxf1 Nd3 24. Qe3 Nxe1 25. Qxe1 Nxd4 26. Qe5 Nxf3+ 27. gxf3 b6 28. Rc1 Rd5 29. Qe1 Qh4 30. Ng3 Qxh3 31. Qe3 h5 32. Ne4 Rfd8 33. Qe2 Qh4 0-1